[Event "GER-chT U12"]
[Site "Verden"]
[Date "2012.12.29"]
[Round "5.4"]
[White "Oltmanns, Jannik"]
[Black "Wiedemann, Julia"]
[Result "1-0"]
[WhiteElo "1426"]
[BlackElo "1178"]
[PlyCount "41"]
[EventDate "2012.12.27"]
[EventType "team-swiss"]
[EventRounds "7"]
[EventCountry "GER"]
[SourceTitle "EXT 2014"]
[Source "ChessBase"]
[SourceDate "2013.11.20"]
[SourceVersion "1"]
[SourceVersionDate "2013.11.20"]
[SourceQuality "1"]
[WhiteTeam "Leipzig SG"]
[BlackTeam "Worms"]
[WhiteTeamCountry "GER"]
[BlackTeamCountry "GER"]

1. d4 d6 2. e4 Nf6 3. Nc3 c6 4. f4 e6 5. Bd3 Nbd7 6. Nf3 Be7 7. Bd2 0-0 8. Qe2 Qc7 9. 0-0 Re8 10. e5 Nd5 11. Ng5 Bxg5 12. fxg5 dxe5 13. Bxh7+ Kf8 14. Nxd5 exd5 15. Qf3 Re7 16. Bg6 Nb6 17. Bb4 Kg8 18. Bxe7 fxg6 19. Qf8+ Kh7 20. Rf7 exd4 21. Qxg7# 1-0

[Event "GER-chT U12"]
[Site "Verden"]
[Date "2012.12.27"]
[Round "2.3"]
[White "Oltmanns, Jannik"]
[Black "Riess, Alexander"]
[Result "0-1"]
[WhiteElo "1426"]
[BlackElo "1510"]
[PlyCount "65"]
[EventDate "2012.12.27"]
[EventType "team-swiss"]
[EventRounds "7"]
[EventCountry "GER"]
[SourceTitle "EXT 2014"]
[Source "ChessBase"]
[SourceDate "2013.11.20"]
[SourceVersion "1"]
[SourceVersionDate "2013.11.20"]
[SourceQuality "1"]
[WhiteTeam "Leipzig SG"]
[BlackTeam "Luebeck"]
[WhiteTeamCountry "GER"]
[BlackTeamCountry "GER"]

1. d4 Nf6 2. c4 g6 3. Nc3 Bg7 4. e4 d6 5. f4 0-0 6. Be3 Nbd7 7. Be2 c5 8. d5 a6 9. a4 b6 10. h4 h5 11. g4 hxg4 12. Bxg4 Nxg4 13. Qxg4 Ne5 14. Qe2 Bg4 15. Qf1 Nd7 16. Nf3 e5 17. Qg2 Bxf3 18. Qxf3 exf4 19. Bxf4 Ne5 20. Qe2 Qf6 21. Rf1 Qxh4+ 22. Kd2 Bh6 23. Bxh6 Qxh6+ 24. Kc2 Kg7 25. Rh1 Qf4 26. Raf1 Qg4 27. Qf2 Qg5 28. Rfg1 Qe7 29. Qe2 Rh8 30. b3 Rh4 31. Rxh4 Qxh4 32. Kc1 Qh3 33. Re1 0-1